000 00356cam a22001097a 4500
008 180718b xxu||||| |||| 00| 0 eng d
082 _aK23x5444 M999im
245 _aImplementation of recommendations of the official committee
_cby Finance Department, Mysore
260 _aBangalore
_bFinance Department
_c
300 _a64p.
700 _aMysore. Finance Department
999 _c499773
_d499773